00461nam a2200145Ia 4500008004100000020001800041082001400059100001700073245003200090260001200122500001900134942000700153952014000160999001500300260604s9999 xx 000 0 und d a9788197349447 a808.3 VER aVerne935277 0aAround the world in 80 Days bBLUEONE aWorld, 80 Days cBK 00104070aIIMVbIIMVcChildren Collectiond2026-06-04g199.00l0o808.3 VERp003862r2026-06-04 10:19:30v199.00w2026-06-04yBKBVER c8244d8244